[Event "Mondiale Lampo FIDE 2022"]
[Site "Alma Ata"]
[Date "29.12.2022"]
[Round "10.15"]
[White "Madaminov, Mukhiddin"]
[Black "Petrosian, Tigran L."]
[Result "1-0"]
[WhiteTitle ""]
[BlackTitle ""]
[WhiteElo "2438"]
[BlackElo "2551"]
[WhiteFideId "14210703"]
[BlackFideId "13301616"]
[EventDate "29.12.2022"]

1. d4 d6 2. e4 g6 3. Nc3 Bg7 4. f4 a6 5. a4 Nf6 6. Bd3 O-O 7. Nf3 Nc6 8. e5 dxe5
9. dxe5 Nd5 10. O-O Ndb4 11. Be4 Qxd1 12. Rxd1 Bf5 13. Ne1 f6 14. Bxf5 gxf5 15.
exf6 Bxf6 16. Be3 Rad8 17. Kf2 Bxc3 18. bxc3 Nd5 19. Rd3 Nf6 20. Ke2 Ne4 21. Rc1
Na5 22. Nf3 Rd6 23. Ne5 Nc6 24. Nc4 Rg6 25. g3 Rh6 26. Bg1 Rd8 27. Ne5 Rdd6 28.
Kf3 Nxe5+ 29. fxe5 Rc6 30. Rb1 b6 31. Rb3 Kf7 32. h4 Rhg6 33. Bf2 Ke6 34. Be1 a5
35. Rb5 Rc4 36. Rd4 Rc6 37. Rd8 Nxc3 38. Rb3 Ne4 39. Rbd3 Rxc2 40. Rh8 h6 41. h5
Rg4 42. Rxh6+ Kxe5 43. Rd7 e6 44. Re7 Ng5+ 45. Ke3 Rcc4 46. Rd7 Rge4+ 47. Kf2
Rc2+ 48. Rd2 Nh3+ 49. Kf1 Rc1 50. Re2 Ng5 51. Kf2 Nh3+ 52. Kf1 Ng5 53. Kf2 Rxe2+
54. Kxe2 Ke4 55. Bd2 Rc2 56. Kd1 Kd3 57. Bxg5 Ra2 58. Ke1 Rxa4 59. Rxe6 Ra1+ 60.
Kf2 a4 61. h6 Rh1 62. Bh4 f4 63. h7 fxg3+ 64. Kxg3 Rg1+ 65. Kh2 Rc1 66. h8=Q a3
67. Re3+ Kc4 68. Rxa3 1-0

[Event "Mondiale Lampo FIDE 2022"]
[Site "Alma Ata"]
[Date "29.12.2022"]
[Round "10.16"]
[White "Grischuk, Alexander"]
[Black "Moiseenko, Alexander"]
[Result "0-1"]
[WhiteTitle ""]
[BlackTitle ""]
[WhiteElo "2745"]
[BlackElo "2577"]
[WhiteFideId "4126025"]
[BlackFideId "14102560"]
[EventDate "29.12.2022"]

1. Nf3 c5 2. g3 Nc6 3. Bg2 g6 4. c4 Bg7 5. Nc3 e5 6. O-O d6 7. a3 a5 8. Ne1 Be6
9. d3 Nge7 10. Nc2 d5 11. cxd5 Nxd5 12. Ne3 Nde7 13. Qa4 O-O 14. Nc4 Rb8 15. Bg5
f6 16. Be3 Nd4 17. Qd1 b5 18. Nd2 a4 19. Rc1 f5 20. f4 Rc8 21. Bf2 Qd7 22. fxe5
Bxe5 23. Nf3 Nxf3+ 24. Bxf3 Bd4 25. e3 Bg7 26. Re1 Rfd8 27. d4 cxd4 28. exd4 Bc4
29. Qd2 h6 30. Qf4 Nd5 31. Nxd5 Bxd5 32. Rxc8 Rxc8 33. h4 Bxf3 34. Qxf3 Bxd4 35.
h5 Bxf2+ 36. Qxf2 gxh5 37. Qe3 Kh7 38. Qe5 Rf8 39. Qe7+ Qxe7 40. Rxe7+ Kg6 41.
Rb7 Rd8 42. Rxb5 Rd2 43. Rb4 Kg5 44. Rxa4 Rxb2 45. Rc4 Rb3 46. Kg2 Rxa3 47. Rd4
Re3 48. Rb4 Re4 49. Rb8 h4 50. gxh4+ Kxh4 51. Kf3 Kg5 52. Rg8+ Kf6 53. Rf8+ Kg6
54. Rg8+ Kf7 55. Rh8 Kg7 56. Ra8 Rb4 57. Rc8 h5 58. Kg3 h4+ 59. Kh3 Kf6 60. Ra8
Kg5 61. Rg8+ Kf4 62. Kxh4 Kf3+ 63. Kh3 f4 64. Ra8 Re4 65. Kh2 Re2+ 66. Kg1 Re1+
67. Kh2 Kf2 68. Ra2+ Re2 69. Ra8 f3 70. Ra1 Rb2 71. Rc1 Ke3+ 72. Kg1 Ke2 73. Rf1
Rb8 74. Rf2+ Ke3 75. Ra2 Rb1+ 76. Kh2 f2 0-1

[Event "Mondiale Lampo FIDE 2022"]
[Site "Alma Ata"]
[Date "29.12.2022"]
[Round "10.17"]
[White "Murzin, Volodar"]
[Black "Andreikin, Dmitry"]
[Result "0-1"]
[WhiteTitle ""]
[BlackTitle ""]
[WhiteElo "2561"]
[BlackElo "2729"]
[WhiteFideId "44155573"]
[BlackFideId "4158814"]
[EventDate "29.12.2022"]

1. Nf3 d5 2. g3 g6 3. Bg2 Bg7 4. O-O e5 5. d3 Ne7 6. e4 Nbc6 7. c3 O-O 8. Nbd2
a5 9. Qc2 h6 10. Rb1 Be6 11. b3 Qd7 12. Ba3 Rfe8 13. Rfe1 Rad8 14. Rbd1 Bh3 15.
Bh1 Qc8 16. Nf1 dxe4 17. dxe4 Rxd1 18. Rxd1 Rd8 19. Ne3 Be6 20. h4 Bf8 21. Bg2
Kg7 22. Bf1 Ng8 23. Bxf8+ Kxf8 24. Bb5 Nge7 25. Bc4 Rxd1+ 26. Qxd1 Bxc4 27. Nxc4
Qe6 28. Qd3 Kg7 29. Ne3 a4 30. Nd5 axb3 31. axb3 Qd6 32. Qb5 Nxd5 33. exd5 Ne7
34. c4 e4 35. Nd4 e3 36. Qa5 exf2+ 37. Kxf2 Qf6+ 38. Nf3 Qb2+ 39. Qd2 Qxb3 40.
Qd4+ Kg8 41. g4 Qc2+ 42. Kg3 h5 43. Qe5 hxg4 44. Qxe7 gxf3 45. Qe8+ Kg7 46. Qe5+
Kh7 47. Qxc7 Qg2+ 48. Kf4 Qh2+ 0-1

[Event "Mondiale Lampo FIDE 2022"]
[Site "Alma Ata"]
[Date "29.12.2022"]
[Round "10.18"]
[White "Van Foreest, Jorden"]
[Black "Sanal, Vahap"]
[Result "0-1"]
[WhiteTitle ""]
[BlackTitle ""]
[WhiteElo "2690"]
[BlackElo "2597"]
[WhiteFideId "1039784"]
[BlackFideId "6300545"]
[EventDate "29.12.2022"]

1. e4 e5 2. Nf3 Nc6 3. Bc4 Bc5 4. d3 Nf6 5. Nc3 a6 6. h3 h6 7. Be3 d6 8. Bxc5
dxc5 9. a4 Qd6 10. O-O Be6 11. Nd2 Nd4 12. Bxe6 Qxe6 13. Nc4 O-O 14. Ne3 b5 15.
b3 b4 16. Ne2 Nd7 17. f4 f6 18. Ng3 exf4 19. Rxf4 Qe5 20. Qf1 Ne6 21. Rf3 Nd4
22. Rf4 Ne6 23. Rf3 Nd4 24. Rf4 g6 25. Ng4 Qd6 26. Nxh6+ Kh7 27. Ng4 g5 28. Rf3
Nxf3+ 29. Qxf3 Qd4+ 30. Kh2 f5 31. Ne3 g4 32. Qf4 Qxa1 33. Ngxf5 Qe5 0-1

[Event "Mondiale Lampo FIDE 2022"]
[Site "Alma Ata"]
[Date "29.12.2022"]
[Round "10.19"]
[White "Asadli, Vugar"]
[Black "Durarbayli, Vasif"]
[Result "1/2-1/2"]
[WhiteTitle ""]
[BlackTitle ""]
[WhiteElo "2567"]
[BlackElo "2612"]
[WhiteFideId "13405764"]
[BlackFideId "13402935"]
[EventDate "29.12.2022"]

1. d4 d5 2. Nf3 Nf6 3. c3 e6 4. Bf4 Bd6 5. e3 O-O 6. Nbd2 c5 7. Bd3 b6 8. Bxd6
Qxd6 9. Ne5 Ba6 10. Bc2 Nc6 11. f4 Rac8 12. g4 cxd4 13. exd4 Nd7 14. Nxc6 Rxc6
15. Qf3 b5 16. a3 Bc8 17. Bd3 a6 18. O-O Nb6 19. Qh3 f5 20. Nf3 Nc4 21. Rf2 Rc7
22. Ne5 a5 23. Re1 b4 24. axb4 axb4 25. Rg2 bxc3 26. bxc3 Qb6 27. gxf5 exf5 28.
Qh4 Nd6 29. Ng4 Ne4 30. Bxe4 dxe4 31. Ne3 Rxc3 32. Kh1 Qxd4 33. Qe7 Rd3 34. Reg1
Rf7 35. Qe8+ Rf8 36. Qe7 Rf7 37. Qe8+ Rf8 38. Qe7 Rc3 39. Re1 Rd3 40. Reg1 Rf7 1/2-1/2

[Event "Mondiale Lampo FIDE 2022"]
[Site "Alma Ata"]
[Date "29.12.2022"]
[Round "10.20"]
[White "Hovhannisyan, Robert"]
[Black "Cheparinov, Ivan"]
[Result "1-0"]
[WhiteTitle ""]
[BlackTitle ""]
[WhiteElo "2597"]
[BlackElo "2688"]
[WhiteFideId "13302507"]
[BlackFideId "2905540"]
[EventDate "29.12.2022"]

1. e4 e5 2. Nf3 Nc6 3. Bb5 a6 4. Ba4 Nf6 5. O-O Be7 6. Nc3 b5 7. Bb3 O-O 8. a4
b4 9. Nd5 Na5 10. Ba2 Nxd5 11. Bxd5 c6 12. Ba2 Qc7 13. d4 d6 14. Be3 Rb8 15.
dxe5 dxe5 16. Nd2 h6 17. Nc4 Nxc4 18. Bxc4 a5 19. Qh5 Be6 20. Bxe6 fxe6 21. Qe2
Rbd8 22. Rad1 Rxd1 23. Rxd1 Rd8 24. Rxd8+ Qxd8 25. g3 Bg5 26. Bc5 Bc1 27. b3 Bb2
28. Qc4 Kf7 29. Kg2 g5 30. Qa6 Qd2 31. Qb7+ Kg6 32. Qxc6 Qxc2 33. Qxe6+ Kg7 34.
Qe7+ Kg8 35. Qe8+ Kg7 36. Bf8+ Kf6 37. Qe7+ Kg6 38. Qg7+ 1-0

[Event "Mondiale Lampo FIDE 2022"]
[Site "Alma Ata"]
[Date "29.12.2022"]
[Round "10.21"]
[White "Esipenko, Andrey"]
[Black "Petrosyan, Manuel"]
[Result "0-1"]
[WhiteTitle ""]
[BlackTitle ""]
[WhiteElo "2678"]
[BlackElo "2621"]
[WhiteFideId "24175439"]
[BlackFideId "13300857"]
[EventDate "29.12.2022"]

1. e4 e5 2. Nf3 Nc6 3. Bc4 Bc5 4. d3 Nf6 5. Nc3 h6 6. h3 a6 7. a4 d6 8. Be3 O-O
9. O-O Bxe3 10. fxe3 a5 11. d4 exd4 12. exd4 Nxe4 13. Nxe4 d5 14. Bd3 dxe4 15.
Bxe4 Qd6 16. c3 Be6 17. Nh4 Qg3 18. Nf5 Bxf5 19. Bxf5 Rae8 20. Rf3 Qg5 21. Qb3
Re3 22. Qd5 Re2 23. Rff1 Ne7 24. Qf3 Rxb2 25. Be6 Kh8 26. Rae1 Ng6 27. Bg4 Nh4
28. Qe4 Rxg2+ 29. Kh1 Rb2 30. Rxf7 Rxf7 31. Qe8+ Kh7 32. Qxf7 Qg6 33. Qxg6+ Kxg6
34. Re7 c6 35. Bc8 b5 36. Re6+ Kg5 37. Rxc6 Nf3 38. Rc5+ Kh4 0-1

[Event "Mondiale Lampo FIDE 2022"]
[Site "Alma Ata"]
[Date "29.12.2022"]
[Round "10.23"]
[White "Le, Tuan Minh"]
[Black "Shankland, Sam"]
[Result "1-0"]
[WhiteTitle ""]
[BlackTitle ""]
[WhiteElo "2542"]
[BlackElo "2710"]
[WhiteFideId "12401153"]
[BlackFideId "2004887"]
[EventDate "29.12.2022"]

1. d4 d5 2. Nf3 Nf6 3. Bf4 e6 4. e3 c5 5. c3 Bd6 6. Bb5+ Nc6 7. Bg3 O-O 8. O-O
Ne7 9. Bd3 b6 10. Nbd2 Bb7 11. Ne5 Ng6 12. Qb1 Nh5 13. f4 Nxg3 14. hxg3 f5 15.
Nxg6 hxg6 16. Nf3 Qf6 17. Kf2 Kf7 18. a4 a5 19. Qc2 Bc6 20. Ng5+ Ke7 21. Nh7 Qf7
22. Nxf8 Qxf8 23. Bb5 Bxb5 24. axb5 c4 25. Rh1 Kf7 26. g4 Qe8 27. Rag1 Qxb5 28.
gxf5 exf5 29. g4 Qd7 30. gxf5 Qxf5 31. Qxf5+ gxf5 32. Rh5 Kf6 33. Rhg5 Ke6 34.
Rxg7 Be7 35. R1g6+ Bf6 36. Rc7 1-0

[Event "Mondiale Lampo FIDE 2022"]
[Site "Alma Ata"]
[Date "29.12.2022"]
[Round "10.24"]
[White "Shimanov, Aleksandr"]
[Black "Gharibyan, Mamikon"]
[Result "1-0"]
[WhiteTitle ""]
[BlackTitle ""]
[WhiteElo "2581"]
[BlackElo "2480"]
[WhiteFideId "4198603"]
[BlackFideId "13308300"]
[EventDate "29.12.2022"]

1. e4 c5 2. Nf3 Nc6 3. Nc3 e5 4. Bc4 d6 5. d3 Be7 6. O-O Nf6 7. Ng5 O-O 8. f4
Bg4 9. Qe1 exf4 10. Bxf4 Nd4 11. Qd2 h6 12. Nf3 Be6 13. Bxe6 Nxe6 14. Rae1 d5
15. Be5 dxe4 16. Nxe4 Nxe4 17. Rxe4 Bg5 18. Qe1 b5 19. b3 a6 20. Qg3 Ra7 21. Bb2
Qc7 22. Qf2 Bf4 23. g3 Ng5 24. Nxg5 Bxg5 25. h4 Bd8 26. Rg4 f6 27. Qe3 h5 28.
Re4 Qf7 29. Re1 Rc7 30. Qf3 c4 31. bxc4 bxc4 32. d4 Be7 33. c3 Bd6 34. Bc1 Kh7
35. Kg2 Qg6 36. Bf4 Bxf4 37. Rxf4 Rb8 38. Re2 Rb1 39. Rf5 Rcb7 40. Rxh5+ Kg8 41.
Qd5+ 1-0

[Event "Mondiale Lampo FIDE 2022"]
[Site "Alma Ata"]
[Date "29.12.2022"]
[Round "10.25"]
[White "Riazantsev, Alexander"]
[Black "Suleymanli, Aydin"]
[Result "1-0"]
[WhiteTitle ""]
[BlackTitle ""]
[WhiteElo "2626"]
[BlackElo "2543"]
[WhiteFideId "4125029"]
[BlackFideId "13413937"]
[EventDate "29.12.2022"]

1. d4 Nf6 2. c4 e6 3. Nc3 Bb4 4. e3 O-O 5. Bd3 d5 6. a3 Bxc3+ 7. bxc3 dxc4 8.
Bxc4 c5 9. Nf3 Qc7 10. Be2 Nbd7 11. O-O b6 12. Bb2 Bb7 13. Re1 Rad8 14. Nd2 e5
15. Qb3 Rfe8 16. Rac1 h6 17. h3 Nf8 18. Bf1 Ng6 19. Nc4 Bd5 20. Qc2 Be4 21. Qb3
Bd5 22. Qc2 Be4 23. Qb3 Bd5 24. Qc2 Be4 25. Qb3 Bd5 26. a4 Nh4 27. Qc2 Qb7 28.
f3 Bxf3 29. Qf2 g5 30. Nxe5 Ne4 31. Qc2 Rxe5 32. c4 Ree8 33. d5 Bh5 34. Bd3 Qe7
35. Ba1 Rd6 36. Rf1 f6 37. Rce1 Rf8 38. Bxe4 Re8 39. Bd3 Kg7 40. e4 Ng6 41. g4
Bxg4 42. hxg4 Qd7 43. e5 1-0

[Event "Mondiale Lampo FIDE 2022"]
[Site "Alma Ata"]
[Date "29.12.2022"]
[Round "10.26"]
[White "Yoo, Christopher Woojin"]
[Black "Tsydypov, Zhamsaran"]
[Result "1-0"]
[WhiteTitle ""]
[BlackTitle ""]
[WhiteElo "2575"]
[BlackElo "2534"]
[WhiteFideId "30909694"]
[BlackFideId "4108566"]
[EventDate "29.12.2022"]

1. d4 Nf6 2. c4 e6 3. Nc3 d5 4. Nf3 Be7 5. Bf4 O-O 6. e3 Nbd7 7. a3 dxc4 8. Bxc4
a6 9. Be2 b5 10. Ne5 Nxe5 11. Bxe5 Bb7 12. Bf3 Bxf3 13. Qxf3 c5 14. dxc5 Nd7 15.
O-O-O Nxe5 16. Rxd8 Nxf3 17. Rxa8 Rxa8 18. gxf3 Bxc5 19. Rd1 Kf8 20. Rd7 Ke8 21.
Rb7 Ra7 22. Rb8+ Kd7 23. Rg8 g6 24. Rg7 Ke7 25. Rxh7 Rc7 26. Kb1 Bxa3 27. Ne4
Bd6 28. f4 b4 29. b3 a5 30. h4 e5 31. h5 gxh5 32. f5 Rc6 33. Rxh5 Bc7 34. Rh8
Bd8 35. Rg8 Kd7 36. Rf8 Ke7 37. Rh8 Kd7 38. Rh7 Ke8 39. Rh1 Kd7 40. Rd1+ Kc7 41.
Rd5 a4 42. bxa4 f6 43. a5 Be7 44. Kb2 Ra6 45. Kb3 Kc6 46. Kc4 b3 47. Rb5 b2 48.
Rxb2 Rxa5 49. Rc2 Ra3 50. Nc3 Bd8 51. Nd5 Kd6 52. Nb4 Ba5 53. Nd3 e4 54. Nc5 Ke5
55. Rb2 Rc3+ 56. Kb5 Bc7 57. Rb4 Bd6 58. Rxe4+ Kxf5 59. Rc4 Rxc4 1-0

[Event "Mondiale Lampo FIDE 2022"]
[Site "Alma Ata"]
[Date "29.12.2022"]
[Round "10.27"]
[White "Dragnev, Valentin"]
[Black "Quparadze, Giga"]
[Result "0-1"]
[WhiteTitle ""]
[BlackTitle ""]
[WhiteElo "2556"]
[BlackElo "2470"]
[WhiteFideId "1634852"]
[BlackFideId "13602250"]
[EventDate "29.12.2022"]

1. e4 c5 2. Nc3 e6 3. Nf3 a6 4. g3 b5 5. Bg2 Bb7 6. d4 cxd4 7. Nxd4 Nc6 8. O-O
Nxd4 9. Qxd4 Ne7 10. Qe3 Ng6 11. Rd1 Be7 12. h4 Ne5 13. b3 Rc8 14. Bb2 Qc7 15.
Rac1 Bf6 16. Qe2 d6 17. a4 b4 18. Na2 Qb6 19. Qd2 Nf3+ 20. Bxf3 Bxb2 21. Rb1 Be5
22. Qxb4 Qa7 23. Qd2 Bxg3 24. Kg2 Bxh4 25. c4 O-O 26. Rh1 Bf6 27. Rh3 Qd4 28.
Qc2 Qe5 29. Nb4 h6 30. Nd3 Qc3 31. Qe2 Bg5 32. Rg3 Qf6 33. e5 Bxf3+ 34. Rxf3 Qe7
35. exd6 Qxd6 36. Ne5 Rcd8 37. b4 Bf6 38. Ng4 Bd4 39. c5 Qd5 40. Ne3 Qe4 41. Rh1
Rd5 42. Rh3 Rg5+ 43. Rg3 Rxg3+ 44. fxg3 Bxe3 45. Qxe3 Qxb4 46. Rf4 Qb7+ 47. Kh2
Qd5 48. Qc3 Rd8 49. Rf2 Qh5+ 50. Kg2 Rd1 51. Rf1 Qe2+ 52. Kg1 0-1

[Event "Mondiale Lampo FIDE 2022"]
[Site "Alma Ata"]
[Date "29.12.2022"]
[Round "10.28"]
[White "Nihal, Sarin"]
[Black "Sychev, Klementy"]
[Result "1-0"]
[WhiteTitle ""]
[BlackTitle ""]
[WhiteElo "2670"]
[BlackElo "2556"]
[WhiteFideId "25092340"]
[BlackFideId "4114060"]
[EventDate "29.12.2022"]

1. d4 Nf6 2. Nf3 d5 3. c4 e6 4. e3 b6 5. Nc3 Bd6 6. b3 O-O 7. Bb2 Bb7 8. Rc1 c5
9. cxd5 Nxd5 10. Nxd5 Bxd5 11. Be2 Nd7 12. O-O Nf6 13. h3 Rc8 14. Ba6 Rc7 15.
Qe2 Qe7 16. Bd3 Ne4 17. dxc5 Bxc5 18. Nd4 Rd8 19. Rfd1 Qg5 20. Qg4 Qxg4 21. hxg4
Rcc8 22. Ba6 Rb8 23. f3 Nf6 24. Kf1 h6 25. e4 Ba8 26. Nb5 Rxd1+ 27. Rxd1 Bb7 28.
Bxb7 Rxb7 29. Rd8+ Kh7 30. Ra8 a5 31. Ke2 h5 32. Bxf6 gxf6 33. gxh5 Rd7 34. Ra7
Rxa7 35. Nxa7 Kh6 36. g4 f5 37. Nc6 fxg4 38. fxg4 Kg5 39. Nd8 Kf6 40. Kf3 Be7
41. e5+ Kxe5 42. Nc6+ Kd6 43. Nxe7 Kxe7 44. g5 f6 45. gxf6+ Kxf6 46. Kf4 1-0

[Event "Mondiale Lampo FIDE 2022"]
[Site "Alma Ata"]
[Date "29.12.2022"]
[Round "10.29"]
[White "Sargissian, Gabriel"]
[Black "Maghsoodloo, Parham"]
[Result "0-1"]
[WhiteTitle ""]
[BlackTitle ""]
[WhiteElo "2699"]
[BlackElo "2719"]
[WhiteFideId "13300881"]
[BlackFideId "12539929"]
[EventDate "29.12.2022"]

1. d4 Nf6 2. Nf3 d5 3. c4 e6 4. g3 Bb4+ 5. Bd2 a5 6. Qc2 O-O 7. Bg2 Nbd7 8. O-O
c6 9. Bf4 Be7 10. Rd1 Nh5 11. Bc1 Nhf6 12. Nc3 dxc4 13. Nd2 Nb6 14. Nde4 Nbd5
15. Nxf6+ Bxf6 16. Ne4 b5 17. Nxf6+ Qxf6 18. e4 Nb4 19. Qe2 Bb7 20. b3 Nd3 21.
Be3 e5 22. bxc4 bxc4 23. dxe5 Qxe5 24. f4 Qe7 25. Qc2 Ba6 26. Qc3 a4 27. Rab1
Bb5 28. e5 f6 29. Bd4 fxe5 30. Bxe5 Rad8 31. Bd4 Rfe8 32. Rd2 Rd7 33. Bf2 Qd8
34. Bf3 Nxf2 35. Rxf2 Rd3 36. Qc2 c3 37. Rc1 Qd4 38. Kg2 c5 39. Qb1 Bc4 40. Rcc2
h6 41. Qb7 Rxf3 42. Rxf3 Bd5 43. Qb1 Re3 44. Rf2 Rxf3 45. Rxf3 Qe4 0-1

[Event "Mondiale Lampo FIDE 2022"]
[Site "Alma Ata"]
[Date "29.12.2022"]
[Round "10.30"]
[White "Vidit, Santosh Gujrathi"]
[Black "Petrov, Nikita"]
[Result "1-0"]
[WhiteTitle ""]
[BlackTitle ""]
[WhiteElo "2730"]
[BlackElo "2537"]
[WhiteFideId "5029465"]
[BlackFideId "4101286"]
[EventDate "29.12.2022"]

1. d4 Nf6 2. c4 e6 3. Nf3 d5 4. Nc3 Nbd7 5. Qc2 c6 6. e3 Bd6 7. Be2 O-O 8. b3 e5
9. cxd5 e4 10. Nxe4 Nxe4 11. Qxe4 Nf6 12. Qc2 cxd5 13. O-O Ne4 14. Bb2 Bf5 15.
Qd1 Re8 16. Ne5 f6 17. Nd3 Qa5 18. a3 Rac8 19. b4 Qc7 20. g3 Nc3 21. Bxc3 Qxc3
22. Nc5 Bc2 23. Qe1 Qxe1 24. Rfxe1 b6 25. Nd3 Rc3 26. Nf4 Be4 27. Ba6 Re7 28.
Ne2 Rc2 29. Rec1 Rec7 30. Kf1 h5 31. Bb5 Bf3 32. Ke1 a5 33. Rxc2 Rxc2 34. bxa5
bxa5 35. Bd3 Rb2 36. Nc1 a4 37. Be2 Bg2 38. Nd3 Rb3 39. Nc5 Bxc5 40. dxc5 Rc3
41. Bb5 Rxc5 42. Bxa4 Kf7 43. Kd2 Be4 44. Bb3 Rb5 45. Kc3 Rc5+ 46. Kb2 Ke7 47.
Rc1 Rb5 48. Rc7+ Kd6 49. Rxg7 d4 50. a4 Rb8 51. Ka3 d3 52. Rf7 d2 53. Rxf6+ Kc7
54. Bd1 Rb1 55. Bxh5 d1=Q 56. Bxd1 Rxd1 57. h4 Bc6 58. h5 Ra1+ 59. Kb2 Rxa4 60.
h6 Ra8 61. g4 Kd7 62. g5 Be4 63. f3 Bd3 64. Kc3 Bb1 65. e4 Ke7 66. Kd4 Ra4+ 67.
Ke3 Ra8 68. Kf4 Bc2 69. Rc6 Bd1 70. g6 Rf8+ 71. Ke5 Rxf3 72. g7 Rg3 73. h7 1-0

[Event "Mondiale Lampo FIDE 2022"]
[Site "Alma Ata"]
[Date "29.12.2022"]
[Round "10.31"]
[White "Kobalia, Mikhail"]
[Black "Ganguly, Surya Shekhar"]
[Result "1-0"]
[WhiteTitle ""]
[BlackTitle ""]
[WhiteElo "2577"]
[BlackElo "2582"]
[WhiteFideId "4119150"]
[BlackFideId "5002150"]
[EventDate "29.12.2022"]

1. e4 e5 2. Nf3 Nc6 3. Bb5 a6 4. Ba4 f5 5. d4 exd4 6. exf5 Qe7+ 7. Kf1 Nf6 8. c3
Qc5 9. Bc2 d3 10. Bxd3 d5 11. Nbd2 Bd7 12. Nb3 Qd6 13. g3 O-O-O 14. Bf4 Qe7 15.
Kg2 h6 16. Re1 Qf7 17. Nbd4 Ne4 18. Nxc6 Bxc6 19. Ne5 Qf6 20. Nxc6 Qxc6 21. Qe2
Re8 22. Bxe4 dxe4 23. Rad1 Bc5 24. Be3 Rhf8 25. Qg4 Kb8 26. Qxg7 Rxf5 27. Qd7
Qg6 28. Bxc5 Rxc5 29. Rd5 Rc6 30. Qf5 Qg7 31. Rxe4 Rf8 32. Qd7 Qg6 33. Qe7 Ka7
34. Qxf8 Qxe4+ 35. Qf3 Qc2 36. Qe3+ Rb6 37. Rd2 Qa4 38. b3 Qc6+ 39. Qf3 Qc5 40.
c4 a5 41. Rd5 Qb4 42. Qe3 Ka6 43. Rd8 Ka7 44. h4 a4 45. Qe8 Rc6 46. Ra8+ Kb6 47.
Qe3+ 1-0

[Event "Mondiale Lampo FIDE 2022"]
[Site "Alma Ata"]
[Date "29.12.2022"]
[Round "10.32"]
[White "Niemann, Hans Moke"]
[Black "Alonso Rosell, Alvar"]
[Result "1/2-1/2"]
[WhiteTitle ""]
[BlackTitle ""]
[WhiteElo "2698"]
[BlackElo "2561"]
[WhiteFideId "2093596"]
[BlackFideId "2270544"]
[EventDate "29.12.2022"]

1. e4 e5 2. Nf3 Nc6 3. Bb5 a6 4. Ba4 d6 5. O-O Bd7 6. Re1 g5 7. d4 g4 8. d5 Nce7
9. Bxd7+ Qxd7 10. Nh4 h5 11. Nd2 Bg7 12. g3 f5 13. exf5 Nxf5 14. Nxf5 Qxf5 15.
Ne4 Nf6 16. Qd3 O-O 17. Nxf6+ Qxf6 18. Be3 Bh6 19. Bxh6 Qxh6 20. Re3 Rf7 21.
Rae1 Raf8 22. R1e2 h4 23. Re4 Qc1+ 24. Re1 Qg5 25. Qe2 Rf3 26. Qc4 hxg3 27. hxg3
R8f4 28. gxf4 Qh4 29. Qf1 g3 30. Qg2 Rxf2 31. Qh1 Rh2 32. Qf3 Rf2 33. Qh1 Rh2
34. Qf3 Rf2 35. Qh1 1/2-1/2

[Event "Mondiale Lampo FIDE 2022"]
[Site "Alma Ata"]
[Date "29.12.2022"]
[Round "10.33"]
[White "Dardha, Daniel"]
[Black "Andriasian, Zaven"]
[Result "1/2-1/2"]
[WhiteTitle ""]
[BlackTitle ""]
[WhiteElo "2606"]
[BlackElo "2580"]
[WhiteFideId "240990"]
[BlackFideId "13302000"]
[EventDate "29.12.2022"]

1. d4 d6 2. e4 g6 3. Nc3 Bg7 4. Be3 c6 5. h4 Nf6 6. Be2 h5 7. Nh3 Ng4 8. Bxg4
hxg4 9. Nf4 g5 10. Nd3 gxh4 11. Qe2 Na6 12. O-O-O Bd7 13. e5 d5 14. Bg5 h3 15.
f3 gxf3 16. Qxf3 Qb6 17. Nf4 Nc7 18. gxh3 Ne6 19. Nxe6 Bxe6 20. Na4 Qa5 21. Qa3
Bf8 22. Qb3 b6 23. Nc3 Bh6 24. Bxh6 Rxh6 25. Ne2 Kd7 26. Nf4 Rah8 27. Kb1 Bf5
28. Ka1 e6 29. c4 Rh4 30. Rhf1 dxc4 31. Qxc4 Qb5 32. Qc3 Rg8 33. Qa3 a5 34. d5
exd5 35. Nxd5 cxd5 36. Rxf5 Kc8 37. Rxf7 Qc5 38. Qf3 Rc4 39. a3 a4 40. Qf5+ Kb8
41. e6 Rc1+ 42. Rxc1 Qxc1+ 43. Qb1 Qe3 44. e7 Re8 45. Qg6 Qc1+ 46. Qb1 Qe3 47.
Qd1 Rxe7 48. Rxe7 Qxe7 49. Qxa4 Qe5 50. Qb3 Kb7 51. Qd3 d4 52. Kb1 Ka7 53. Kc2
Qh2+ 54. Kb3 Qe5 55. h4 Qd5+ 56. Kc2 Qg2+ 57. Kb1 Qh1+ 58. Kc2 Qxh4 59. Kb3 Qf2
60. Qc2 Qe3+ 61. Kc4 Qe5 62. Qd2 Qc5+ 63. Kd3 Qd5 64. Qh2 Ka6 65. Qf2 Qb5+ 66.
Kc2 Qc4+ 67. Kd2 d3 68. Kd1 Qb3+ 69. Kc1 Qc4+ 70. Kd1 Qb3+ 71. Ke1 Qc4 72. Qe3
Qc2 73. Qd2 Qc4 74. Kf2 Qd4+ 75. Kf3 Kb5 76. Qe3 Qxb2 77. Qd4 1/2-1/2

[Event "Mondiale Lampo FIDE 2022"]
[Site "Alma Ata"]
[Date "29.12.2022"]
[Round "10.34"]
[White "Khusnutdinov, Rustam"]
[Black "Muradli, Mahammad"]
[Result "0-1"]
[WhiteTitle ""]
[BlackTitle ""]
[WhiteElo "2441"]
[BlackElo "2540"]
[WhiteFideId "13701703"]
[BlackFideId "13409301"]
[EventDate "29.12.2022"]

1. Nc3 g6 2. h4 h5 3. e4 c5 4. d4 cxd4 5. Qxd4 Nf6 6. Nf3 Nc6 7. Qa4 Bg7 8. Bg5
d6 9. e5 Ng4 10. exd6 Qxd6 11. Ne4 Qc7 12. O-O-O Bf5 13. Re1 O-O 14. Nfd2 Rab8
15. f3 Nge5 16. Qa3 b5 17. Qc5 Rfc8 18. Bd3 Nxd3+ 19. cxd3 Qa5 20. Qa3 Nb4+ 21.
Kd1 Qxa3 22. bxa3 Nxd3 23. Ref1 Rb7 24. Ke2 Rd7 25. Rb1 a6 26. Rbd1 Rc2 27. Ke3
Ne5 28. Nb3 Nc4+ 29. Kf4 Be5# 0-1

[Event "Mondiale Lampo FIDE 2022"]
[Site "Alma Ata"]
[Date "29.12.2022"]
[Round "10.35"]
[White "Vakhidov, Jakhongir"]
[Black "Yudin, Sergei"]
[Result "1-0"]
[WhiteTitle ""]
[BlackTitle ""]
[WhiteElo "2607"]
[BlackElo "2469"]
[WhiteFideId "14201801"]
[BlackFideId "4159659"]
[EventDate "29.12.2022"]

1. c4 e6 2. Nc3 d5 3. d4 c6 4. e4 Bb4 5. cxd5 exd5 6. e5 Ne7 7. Nf3 c5 8. a3 Ba5
9. dxc5 Bxc3+ 10. bxc3 Qa5 11. Be2 Nbc6 12. O-O O-O 13. Be3 Bg4 14. Bd4 Ng6 15.
Rb1 Qc7 16. Re1 Rad8 17. Qb3 Bxf3 18. Bxf3 Ngxe5 19. Qxb7 Nxf3+ 20. gxf3 Rd7 21.
Qxc7 Rxc7 22. f4 h5 23. Kg2 f6 24. Re6 Kf7 25. Rd6 Ne7 26. Rb4 Rfc8 27. Ra4 Rb7
28. Raa6 Rcc7 29. c6 Rb8 30. Rd7 Rbc8 31. Bc5 Ke6 32. Bxe7 Rxc6 33. Rxc6+ Rxc6
34. Rxa7 Rxc3 35. Bb4 Rb3 36. Rxg7 Kf5 37. Rh7 Kg4 38. h3+ Kxf4 39. Rxh5 d4 40.
Rh4+ Ke5 41. Rh8 f5 42. Rd8 Ke4 43. Re8+ Kd5 44. h4 1-0

[Event "Mondiale Lampo FIDE 2022"]
[Site "Alma Ata"]
[Date "29.12.2022"]
[Round "10.36"]
[White "Anton Guijarro, David"]
[Black "Christiansen, Johan-Sebastian"]
[Result "1-0"]
[WhiteTitle ""]
[BlackTitle ""]
[WhiteElo "2675"]
[BlackElo "2578"]
[WhiteFideId "2285525"]
[BlackFideId "1512668"]
[EventDate "29.12.2022"]

1. Nf3 c5 2. b3 d6 3. c4 e5 4. Nc3 f5 5. g3 Nf6 6. Bg2 Nc6 7. O-O g6 8. d3 Bg7
9. Bg5 h6 10. Bxf6 Bxf6 11. Nd5 O-O 12. Rb1 Be6 13. a3 Bxd5 14. cxd5 Ne7 15. Nd2
Qd7 16. b4 Rfc8 17. Nc4 cxb4 18. axb4 Kg7 19. Qb3 Rc7 20. Qa3 Nc8 21. Rfc1 Be7
22. e4 h5 23. Bh3 Bf8 24. exf5 gxf5 25. Ne3 Ne7 26. Rxc7 Qxc7 27. Bxf5 Qb6 28.
Rc1 a5 29. b5 Nxf5 30. Nxf5+ Kf6 31. Ne3 Qxb5 32. Qa2 Qxd3 33. Qa4 Qd2 34. Qh4+
Kg6 35. Rc7 a4 36. g4 Qc1+ 37. Rxc1 1-0